|
|
|
|
| LEADER |
01706nam a2200445Ia 4500 |
| 001 |
EBC3408060 |
| 003 |
MiAaPQ |
| 005 |
20200520144314.0 |
| 006 |
m o d | |
| 007 |
cr cn||||||||| |
| 008 |
991202s2000 nyu sb 001 0 eng d |
| 010 |
|
|
|z 99088562
|
| 020 |
|
|
|z 0791446611 (alk. paper)
|
| 020 |
|
|
|z 079144662X (pbk. : alk. paper)
|
| 020 |
|
|
|z 9780791446614
|
| 020 |
|
|
|a 9780791492178 (electronic bk.)
|
| 035 |
|
|
|a (MiAaPQ)EBC3408060
|
| 035 |
|
|
|a (Au-PeEL)EBL3408060
|
| 035 |
|
|
|a (CaPaEBR)ebr10587259
|
| 035 |
|
|
|a (OCoLC)794701305
|
| 040 |
|
|
|a MiAaPQ
|c MiAaPQ
|d MiAaPQ
|
| 050 |
|
4 |
|a HD31
|b .M2987 2000
|
| 100 |
1 |
|
|a Marquardt, Michael J.
|
| 245 |
1 |
0 |
|a Global leaders for the twenty first century
|h [electronic resource] /
|c Michael J. Marquardt, Nancy O. Berger.
|
| 246 |
3 |
|
|a Global leaders for the 21st century
|
| 260 |
|
|
|a Albany, NY :
|b State University of New York Press,
|c c2000.
|
| 300 |
|
|
|a xi, 211 p.
|
| 440 |
|
0 |
|a SUNY series in management-communication
|
| 504 |
|
|
|a Includes bibliographical references (p. 191-205) and index.
|
| 533 |
|
|
|a Electronic reproduction. Ann Arbor, MI : ProQuest, 2015. Available via World Wide Web. Access may be limited to ProQuest affiliated libraries.
|
| 650 |
|
0 |
|a Executive ability.
|
| 650 |
|
0 |
|a Industrial management
|v Case studies.
|
| 650 |
|
0 |
|a Industrial management.
|
| 650 |
|
0 |
|a International business enterprises
|x Management
|v Case studies.
|
| 650 |
|
0 |
|a International trade.
|
| 650 |
|
0 |
|a Leadership.
|
| 655 |
|
4 |
|a Electronic books.
|
| 700 |
1 |
|
|a Berger, Nancy O.,
|d 1951-
|
| 710 |
2 |
|
|a ProQuest (Firm)
|
| 856 |
4 |
0 |
|u https://ebookcentral.proquest.com/lib/matrademy/detail.action?docID=3408060
|z Click to View
|